| 000 | 00511cam a2200193 a 4500 | ||
|---|---|---|---|
| 020 | _a9748910563 | ||
| 040 | _cDLC | ||
| 082 | 0 | 0 | _a578 FIN 1994 C155 Or. |
| 100 | 1 | _aGraham, Mark. | |
| 245 | 1 | 0 | _aThailand's vanishing flora and fauna / |
| 260 |
_aBangkok : _bFinance One Pub. Co., _c[1994?] |
||
| 300 |
_a247 p. : _bcol. ill., maps ; _c31 cm. |
||
| 650 | 0 | _aBotany | |
| 650 | 0 | _aZoology | |
| 650 | 0 | _aNature conservation | |
| 650 | 0 | _aWildlife conservation | |
| 700 | 1 | _aRound, Philip D. | |
| 942 | _cAEDBB | ||
| 999 |
_c18811 _d18811 |
||